Folge deinem Herzen : (Record no. 129920)
[ view plain ]
| 000 -LEADER | |
|---|---|
| fixed length control field | 00971cam a2200289 a 4500 |
| 008 - FIXED-LENGTH DATA ELEMENTS--GENERAL INFORMATION | |
| fixed length control field | 130902s2000 gw b 000 0bger |
| 020 ## - INTERNATIONAL STANDARD BOOK NUMBER | |
| International Standard Book Number | 3404143957 |
| 040 ## - CATALOGING SOURCE | |
| Original cataloging agency | EG-GiCUC |
| Language of cataloging | ger |
| Transcribing agency | EG-GiCUC |
| 041 ## - LANGUAGE CODE | |
| Language code of text/sound track or separate title | ger |
| Language code of original | dut |
| 050 00 - LIBRARY OF CONGRESS CALL NUMBER | |
| Classification number | F2423.S26 |
| Item number | M35 2000 |
| 092 04 - LOCALLY ASSIGNED DEWEY CALL NUMBER (OCLC) | |
| Classification number | 839.313 |
| Item number | M1652f |
| Edition number | 21 |
| 099 ## - LOCAL FREE-TEXT CALL NUMBER (OCLC) | |
| Classification number | 04 |
| -- | 839.313 M1652f |
| 100 1# - MAIN ENTRY--PERSONAL NAME | |
| Personal name | Mc Leod, Cynthia, |
| Dates associated with a name | 1936- |
| 240 10 - UNIFORM TITLE | |
| Uniform title | Volg je hart: Roman. |
| Language of a work | German. |
| 245 10 - TITLE STATEMENT | |
| Title | Folge deinem Herzen : |
| Remainder of title | roman / |
| Statement of responsibility, etc. | Cynthia McLeod; Aus dem Niederlandischen von Silke Schmidt. |
| 260 ## - PUBLICATION, DISTRIBUTION, ETC. | |
| Place of publication, distribution, etc. | Bergisch Gladbach: |
| Name of publisher, distributor, etc. | Bastei-Lub̈be, |
| Date of publication, distribution, etc. | 2000. |
| 300 ## - PHYSICAL DESCRIPTION | |
| Extent | 350 p.; |
| Dimensions | 20 cm. |
| 546 ## - LANGUAGE NOTE | |
| Language note | Translation of : Volg je hart: Roman. |
| 600 10 - SUBJECT ADDED ENTRY--PERSONAL NAME | |
| Personal name | Mc Leod, Cynthia, |
| Dates associated with a name | 1936- |
| 650 #0 - SUBJECT ADDED ENTRY--TOPICAL TERM | |
| Topical term or geographic name entry element | Dutch fiction |
| Chronological subdivision | 20th century |
| General subdivision | Translations into German. |
| 651 #0 - SUBJECT ADDED ENTRY--GEOGRAPHIC NAME | |
| Geographic name | Dutch fiction |
| General subdivision | Translations into German. |
| 902 ## - LOCAL DATA ELEMENT B, LDB (RLIN) | |
| No. of Items | 6 |
| 905 ## - LOCAL DATA ELEMENT E, LDE (RLIN) | |
| Cataloger | Eman |
| Reviser | Rev. |
| 905 ## - LOCAL DATA ELEMENT E, LDE (RLIN) | |
| Cataloger | Jamal |
| Reviser | Cat. |
| 942 ## - ADDED ENTRY ELEMENTS (KOHA) | |
| Source of classification or shelving scheme | Dewey Decimal Classification |
| Koha item type | Books |
| Source of classification or shelving scheme | Not for loan | Home library | Current library | Date acquired | Full call number | Barcode | Date last seen | Koha item type |
|---|---|---|---|---|---|---|---|---|
| Dewey Decimal Classification | المكتبة المركزبة الجديدة - جامعة القاهرة | قاعة الثقاقات الاجنبية - الدور الثالث | 11.02.2024 | 839.313 M1652f c.1 Ger. | 01000110196659000 | 05.07.2024 | Books | |
| Dewey Decimal Classification | المكتبة المركزبة الجديدة - جامعة القاهرة | قاعة الثقاقات الاجنبية - الدور الثالث | 11.02.2024 | 839.313 M1652f c.2 Ger. | 01000110196660000 | 05.07.2024 | Books | |
| Dewey Decimal Classification | المكتبة المركزبة الجديدة - جامعة القاهرة | قاعة الثقاقات الاجنبية - الدور الثالث | 11.02.2024 | 839.313 M1652f c.3 Ger. | 01000110196661000 | 05.07.2024 | Books | |
| Dewey Decimal Classification | المكتبة المركزبة الجديدة - جامعة القاهرة | قاعة الثقاقات الاجنبية - الدور الثالث | 11.02.2024 | 839.313 M1652f c.4 Ger. | 01000110196662000 | 05.07.2024 | Books | |
| Dewey Decimal Classification | المكتبة المركزبة الجديدة - جامعة القاهرة | قاعة الثقاقات الاجنبية - الدور الثالث | 11.02.2024 | 839.313 M1652f c.5 Ger. | 01000110196663000 | 05.07.2024 | Books | |
| Dewey Decimal Classification | المكتبة المركزبة الجديدة - جامعة القاهرة | قاعة الثقاقات الاجنبية - الدور الثالث | 11.02.2024 | 839.313 M1652f c.6 Ger. | 01000110196664000 | 05.07.2024 | Books |